Statistiques concernant Le Monde par lettre - K

Cliquez ici pour prendre le quiz!

Statistiques générales

  • Ce quiz a été pris 338 fois
  • Le résultat moyen est 8 sur 15

Statistiques - réponses

IndicesRéponses% Correct
Plus gros pays commençant par KKazakhstan
92%
Capitale de la MalaisieKuala Lumpur
85%
Montagne la plus haute d'AfriqueKilimandjaro
78%
Capitale de la RD CongoKinshasa
73%
Mouvement politique et militaire au Cambodge (Les _______ Rouges)Khmers
71%
Habitants du KenyaKenyan
70%
Deuxième plus haute montagne du mondeK2
64%
Nom de famille le plus populaire en Corée du Sud, au Kazakhstan et en OuzbékistanKim
63%
Région en Iran, en Irak, en Turquie et en Syrie voulant son indépendanceKurdistan
56%
Pays le moins peuplé commençant par KKiribati
44%
Barre de chocolat rouge (L'emballage, pas le chocolat)Kit Kat
43%
Ville la plus peuplée du monde commençant par KKarachi | Kolkata
13%
Créature légendaire de Bretagne, comparable au lutinKorrigan
12%
Cinquième prénom masculin le plus populaire au Royaume-Uni entre 1920-2020Kyle
9%
Kirghizistan en anglais - Bonne chance :)Kyrgyzstan
8%

Distribution des résultats

Percentile par nombre de réponses

% des personnes avec chaque résultat

Votre développement - résultats

Vous n’avez pas pris ce quiz